000 01274nam a22002657a 4500
999 _c63859
_d63859
005 20240530110702.0
008 180111s2016 ua bh g b 000 0 ara d
017 _a2014/16170
_bمصر. دار الكتب
020 _a9789774384808
040 _aEG-CaGPL
_cEG-CaGPL
082 0 4 _221
_a953.0738 /
_bخ ع
100 0 _aخانزاد صباح محى الدين
245 1 0 _aعلاقة الدولة الفاطمية بالكرد :
_b(358 - 567 هـ / 968 - 1171 م ) : دراسة سياسية حضارية /
_cخانزاد صباح محى الدين
250 _aط. 1
260 _aالقاهرة :
_bالمكتب الجامعى الحديث ،
_c2016.
300 _a188 ص. :
_bايض ؛
_c24 سم +
_eملاحق.
504 _aيشتمل على ارجاعات ببليوجرافية
650 0 7 _2qrmak
_aالدولة الفاطمية
_xتاريخ
650 0 7 _2qrmak
_aالدولة الفاطمية
_xالاحوال السياسية
650 0 7 _2qrmak
_aالدولة الفاطمية
_xالعلاقات الخارجية
_zالامارات الكردية
650 0 7 _2qrmak
_aالامارات الكردية
_xالعلاقات الخارجية
_zالدولة الفاطمية
651 _2qrmak
942 _2ddc
_cBK